Miguel Street : (Record no. 234064)

000 -LEADER
fixed length control field 01313cam a2200301 a 4500
001 - CONTROL NUMBER
control field 12500440
003 - CONTROL NUMBER IDENTIFIER
control field Nust
005 - DATE AND TIME OF LATEST TRANSACTION
control field 20170312121142.0
008 - FIXED-LENGTH DATA ELEMENTS--GENERAL INFORMATION
fixed length control field 010813r20021959nyu 000 1 eng
010 ## - LIBRARY OF CONGRESS CONTROL NUMBER
LC control number 2001040849
020 ## - INTERNATIONAL STANDARD BOOK NUMBER
International Standard Book Number 037570714X
040 ## - CATALOGING SOURCE
Original cataloging agency DLC
Transcribing agency DLC
Modifying agency DLC
043 ## - GEOGRAPHIC AREA CODE
Geographic area code nwtr---
050 00 - LIBRARY OF CONGRESS CALL NUMBER
Classification number PR9272.9.N32
Item number M9 2002
082 00 - DEWEY DECIMAL CLASSIFICATION NUMBER
Classification number 823.914
Author Mark NAI
100 1# - MAIN ENTRY--PERSONAL NAME
Personal name Naipaul, V. S.
Fuller form of name (Vidiadhar Surajprasad),
Dates associated with a name 1932-
245 14 - TITLE STATEMENT
Title Miguel Street :
Remainder of title a novel /
Statement of responsibility, etc. V.S. Naipaul.
250 ## - EDITION STATEMENT
Edition statement 1st Vintage International ed.
260 ## - PUBLICATION, DISTRIBUTION, ETC.
Place of publication, distribution, etc. New York :
Name of publisher, distributor, etc. Vintage Books,
Date of publication, distribution, etc. 2002.
300 ## - PHYSICAL DESCRIPTION
Extent vii, 207 p. ;
Dimensions 21 cm.
650 #0 - SUBJECT ADDED ENTRY--TOPICAL TERM
Topical term or geographic name entry element Mystics
Form subdivision Fiction.
650 #0 - SUBJECT ADDED ENTRY--TOPICAL TERM
Topical term or geographic name entry element Political fiction, Trinidadian and Tobagonian (English)
655 #7 - INDEX TERM--GENRE/FORM
Genre/form data or focus term Humorous fiction.
Source of term gsafd
655 #7 - INDEX TERM--GENRE/FORM
Genre/form data or focus term Satire.
Source of term lcsh
856 42 - ELECTRONIC LOCATION AND ACCESS
Materials specified Contributor biographical information
Uniform Resource Identifier <a href="http://www.loc.gov/catdir/bios/random053/2001040849.html">http://www.loc.gov/catdir/bios/random053/2001040849.html</a>
856 42 - ELECTRONIC LOCATION AND ACCESS
Materials specified Publisher description
Uniform Resource Identifier <a href="http://www.loc.gov/catdir/description/random043/2001040849.html">http://www.loc.gov/catdir/description/random043/2001040849.html</a>
906 ## - LOCAL DATA ELEMENT F, LDF (RLIN)
a 7
b cbc
c orignew
d 1
e ocip
f 20
g y-gencatlg
942 ## - ADDED ENTRY ELEMENTS (KOHA)
Source of classification or shelving scheme
Koha item type Book
Holdings
Withdrawn status Lost status Source of classification or shelving scheme Damaged status Not for loan Collection code Permanent Location Current Location Shelving location Date acquired Total Checkouts Full call number Barcode Date last seen Copy number Price effective from Koha item type
            Central Library (CL) Central Library (CL) Fiction 03/12/2017   823.914 NAI CL855 03/12/2017 1 03/12/2017 Book
© 2023 Central Library, National University of Sciences and Technology. All Rights Reserved.